Curious incident of the dog in the night - time (Record no. 75550)

MARC details
000 -LEADER
fixed length control field 00467 a2200169 4500
005 - DATE AND TIME OF LATEST TRANSACTION
control field 20150417144503.0
008 - FIXED-LENGTH DATA ELEMENTS--GENERAL INFORMATION
fixed length control field 130105t xxu||||| |||| 00| 0 eng d
020 ## - INTERNATIONAL STANDARD BOOK NUMBER
International Standard Book Number 9781849920414
080 ## - UNIVERSAL DECIMAL CLASSIFICATION NUMBER
Universal Decimal Classification number F
Item number HAD CL
100 ## - MAIN ENTRY--PERSONAL NAME
Personal name Haddon, Mark
245 ## - TITLE STATEMENT
Title Curious incident of the dog in the night - time
260 ## - PUBLICATION, DISTRIBUTION, ETC. (IMPRINT)
Name of publisher, distributor, etc David Fickling Books
Date of publication, distribution, etc 2010
Place of publication, distribution, etc Oxford
300 ## - PHYSICAL DESCRIPTION
Extent 271p.
653 ## - INDEX TERM--UNCONTROLLED
Uncontrolled term Fiction - English Literature
653 ## - INDEX TERM--UNCONTROLLED
Uncontrolled term Children's fiction
942 ## - ADDED ENTRY ELEMENTS (KOHA)
item type Children Collection
Holdings
Lost status Source of classification or shelving scheme Not for loan Home library Current library Shelving location Date acquired Cost, normal purchase price Total Checkouts Total Renewals Full call number Barcode Date last seen Date checked out Cost, replacement price Price effective from Koha item type
  Universal Decimal Classification   University Library University Library Children's Area 10/12/2012 0.00 18 1 F HAD CL 00068000 09/05/2025 24/03/2025 0.00 10/12/2012 Children Collection
University Library, CUSAT